=LDR 00000nam 2200000 4500 =001 NUTBA000000000006027 =005 20141119090754.0 =006 =007 =008 =020 ##$$a 979-25-4450-X =035 ##$$a 0010-111400000000506 =040 ##$$a NBPDMAT =082 ##$$a 616.716 =090 ##$$a 616.716 $b Zav o =100 ##$$a Zaviera, Ferdinand =245 ##$$a Osteoporosis : $b Deteksi dini, penanganan dan terapi praktis / $c Ferdinand Zaviera =250 ##$$a Cet.4 =260 ##$$a Jogyakarta : $b Katahati, $c 2013 =300 ##$$a 156 hlm. : $b ilus. ; $c 15 cm. =650 ##$$a Osteoporosis =850 ##$$a NBPDMAT